000 00590nam a2200193Ia 4500
008 151121s9999||||xx |||||||||||||| ||und||
082 _a813-/माळव
082 _bHNW-41383
100 _aमाळवदे रमण
245 _aब्रह्माक्षर
260 _b"ढवळे प्रकाशन, मुंबई।"
260 _c--
300 _a135
600 _aमाळवदे रमण
630 _aब्रह्माक्षर
700 _aमाळवदे रमण
730 _aब्रह्माक्षर
942 _cBOOK
999 _c1230411
_d1230408